Die Kunst der Einfachheit : (Record no. 70447)

MARC details
000 -LEADER
fixed length control field 04496nam a22007815i 4500
005 - DATE AND TIME OF LATEST TRANSACTION
control field 20230718140322.0
006 - FIXED-LENGTH DATA ELEMENTS--ADDITIONAL MATERIAL CHARACTERISTICS
fixed length control field m|||||o||d||||||||
007 - PHYSICAL DESCRIPTION FIXED FIELD--GENERAL INFORMATION
fixed length control field cr || ||||||||
008 - FIXED-LENGTH DATA ELEMENTS--GENERAL INFORMATION
fixed length control field 221201t20212021gw fo d z ger d
020 ## - INTERNATIONAL STANDARD BOOK NUMBER
International Standard Book Number 9783839458327
040 ## - CATALOGING SOURCE
Original cataloging agency DE-B1597
Language of cataloging eng
Transcribing agency DE-B1597
Description conventions rda
041 0# - LANGUAGE CODE
Language code of text/sound track or separate title ger
100 1# - MAIN ENTRY--PERSONAL NAME
Personal name Wisotzki, Nadine,
Relator term author.
Relator code aut
-- http://id.loc.gov/vocabulary/relators/aut
245 14 - TITLE STATEMENT
Title Die Kunst der Einfachheit :
Remainder of title Standortbestimmungen in der deutschen Gegenwartsliteratur. Judith Hermann - Peter Stamm - Robert Seethaler /
Statement of responsibility, etc. Nadine Wisotzki.
264 #1 - PRODUCTION, PUBLICATION, DISTRIBUTION, MANUFACTURE, AND COPYRIGHT NOTICE
Place of production, publication, distribution, manufacture Bielefeld :
Name of producer, publisher, distributor, manufacturer transcript Verlag,
Date of production, publication, distribution, manufacture, or copyright notice [2021]
264 #4 - PRODUCTION, PUBLICATION, DISTRIBUTION, MANUFACTURE, AND COPYRIGHT NOTICE
Date of production, publication, distribution, manufacture, or copyright notice ©2021
300 ## - PHYSICAL DESCRIPTION
Extent 1 online resource (226 p.)
336 ## - CONTENT TYPE
Content type term text
Content type code txt
Source rdacontent
337 ## - MEDIA TYPE
Media type term computer
Media type code c
Source rdamedia
338 ## - CARRIER TYPE
Carrier type term online resource
Carrier type code cr
Source rdacarrier
347 ## - DIGITAL FILE CHARACTERISTICS
File type text file
Encoding format PDF
Source rda
490 0# - SERIES STATEMENT
Series statement Gegenwartsliteratur : TRSGELI ;
Volume/sequential designation 10
505 00 - FORMATTED CONTENTS NOTE
Title Frontmatter --
-- Inhalt --
-- VORWORT UND DANK --
-- 1. SEHNSUCHT NACH EINFACHHEIT --
-- Einleitung --
-- 1.1 VON DER SEHNSUCHT NACH EINEM »EINFACHEN LEBEN« --
-- 1.2 DIE KUNST DER EINFACHHEIT --
-- 1.3 LESARTEN DER EINFACHHEIT --
-- 2. EINE KLEINE BEGRIFFSGESCHICHTE DER EINFACHHEIT --
-- Einleitung --
-- 2.1 GEGENWÄRTIGE VERWENDUNGSKONTEXTE --
-- 2.2 ZWISCHEN KONSTANZ UND WANDEL --
-- 2.3 TYPOLOGIEN DER EINFACHHEIT --
-- 3. GESTALTETE EINFACHHEIT - ZWISCHEN NORM UND FREIHEIT --
-- 4. EINE ÄSTHETIK FÜR DIE GEGENWART --
-- Einleitung --
-- 4.1 ALLZU EINFACHE LITERATUR --
-- 4.2 JUDITH HERMANN: DER NEUHEITSCHARAKTER DER EINFACHHEIT --
-- 4.3 PETER STAMM: FORTFÜHRUNG ALS REFLEKTIERTE EINFACHHEIT --
-- 4.4 ZWISCHENFAZIT: SCHEINBARE EINFACHHEIT --
-- 4.5 ROBERT SEETHALER: STEIGERUNGSFORMEN DER EINFACHHEIT --
-- 5. SCHLUSSBEMERKUNGEN: EINFACH EINEN PUNKT SETZEN --
-- LITERATURVERZEICHNIS
506 0# - RESTRICTIONS ON ACCESS NOTE
Standardized terminology for access restriction unrestricted online access
Source of term star
520 ## - SUMMARY, ETC.
Summary, etc. »Einfachheit« gehört zu den maßgeblichen Wertzuschreibungen der Kunst-, Kultur- und Literaturgeschichte. Nadine Wisotzki greift das mit der »Sehnsucht nach Einfachheit« einhergehende Funktionalisierungspotential auf, um dem bemerkenswerten Erfolg der Einfachheit in der deutschsprachigen Gegenwartsliteratur nachzugehen. Am Beispiel des erzählerischen Werks von Judith Hermann, Peter Stamm und Robert Seethaler fragt sie, mit welcher Intention und Qualität sich die Einfachheit hier formiert und ob es sich bei der Kunst der Reduktion um ein spezifisch für die Gegenwart relevantes Konzept handelt. Damit leistet sie einen wesentlichen Beitrag zu der noch ausstehenden literaturwissenschaftlichen Systematisierung einer »Ästhetik der Einfachheit«.
538 ## - SYSTEM DETAILS NOTE
System details note Mode of access: Internet via World Wide Web.
540 ## - TERMS GOVERNING USE AND REPRODUCTION NOTE
Terms governing use and reproduction This eBook is made available Open Access under a CC BY 4.0 license:
Uniform Resource Identifier <a href="https://creativecommons.org/licenses/by/4.0 ">https://creativecommons.org/licenses/by/4.0 </a>
-- <a href="https://www.degruyter.com/dg/page/open-access-policy">https://www.degruyter.com/dg/page/open-access-policy</a>
546 ## - LANGUAGE NOTE
Language note In German.
588 0# - SOURCE OF DESCRIPTION NOTE
Source of description note Description based on online resource; title from PDF title page (publisher's Web site, viewed 01. Dez 2022)
650 #0 - SUBJECT ADDED ENTRY--TOPICAL TERM
Topical term or geographic name entry element Literature
General subdivision History and criticism.
650 #4 - SUBJECT ADDED ENTRY--TOPICAL TERM
Topical term or geographic name entry element Allgemeine Literaturwissenschaft.
650 #4 - SUBJECT ADDED ENTRY--TOPICAL TERM
Topical term or geographic name entry element Begriffsgeschichte.
650 #4 - SUBJECT ADDED ENTRY--TOPICAL TERM
Topical term or geographic name entry element Deutschsprachige Gegenwartsliteratur.
650 #4 - SUBJECT ADDED ENTRY--TOPICAL TERM
Topical term or geographic name entry element Erzähltechnik.
650 #4 - SUBJECT ADDED ENTRY--TOPICAL TERM
Topical term or geographic name entry element Form.
650 #4 - SUBJECT ADDED ENTRY--TOPICAL TERM
Topical term or geographic name entry element Germanistik.
650 #4 - SUBJECT ADDED ENTRY--TOPICAL TERM
Topical term or geographic name entry element Judith Hermann.
650 #4 - SUBJECT ADDED ENTRY--TOPICAL TERM
Topical term or geographic name entry element Komplexität.
650 #4 - SUBJECT ADDED ENTRY--TOPICAL TERM
Topical term or geographic name entry element Kultur.
650 #4 - SUBJECT ADDED ENTRY--TOPICAL TERM
Topical term or geographic name entry element Kulturwissenschaft.
650 #4 - SUBJECT ADDED ENTRY--TOPICAL TERM
Topical term or geographic name entry element Literatur.
650 #4 - SUBJECT ADDED ENTRY--TOPICAL TERM
Topical term or geographic name entry element Literaturwissenschaft.
650 #4 - SUBJECT ADDED ENTRY--TOPICAL TERM
Topical term or geographic name entry element Peter Stamm.
650 #4 - SUBJECT ADDED ENTRY--TOPICAL TERM
Topical term or geographic name entry element Robert Seethaler.
650 #4 - SUBJECT ADDED ENTRY--TOPICAL TERM
Topical term or geographic name entry element Stilistik.
650 #4 - SUBJECT ADDED ENTRY--TOPICAL TERM
Topical term or geographic name entry element Ästhetik.
650 #7 - SUBJECT ADDED ENTRY--TOPICAL TERM
Topical term or geographic name entry element LITERARY CRITICISM / European / German.
Source of heading or term bisacsh
653 ## - INDEX TERM--UNCONTROLLED
Uncontrolled term Aesthetics.
653 ## - INDEX TERM--UNCONTROLLED
Uncontrolled term Complexity.
653 ## - INDEX TERM--UNCONTROLLED
Uncontrolled term Conceptual History.
653 ## - INDEX TERM--UNCONTROLLED
Uncontrolled term Contemporary German Literature.
653 ## - INDEX TERM--UNCONTROLLED
Uncontrolled term Cultural Studies.
653 ## - INDEX TERM--UNCONTROLLED
Uncontrolled term Culture.
653 ## - INDEX TERM--UNCONTROLLED
Uncontrolled term Form.
653 ## - INDEX TERM--UNCONTROLLED
Uncontrolled term German Literature.
653 ## - INDEX TERM--UNCONTROLLED
Uncontrolled term Judith Hermann.
653 ## - INDEX TERM--UNCONTROLLED
Uncontrolled term Literary Studies.
653 ## - INDEX TERM--UNCONTROLLED
Uncontrolled term Literature.
653 ## - INDEX TERM--UNCONTROLLED
Uncontrolled term Peter Stamm.
653 ## - INDEX TERM--UNCONTROLLED
Uncontrolled term Plot Device.
653 ## - INDEX TERM--UNCONTROLLED
Uncontrolled term Robert Seethaler.
653 ## - INDEX TERM--UNCONTROLLED
Uncontrolled term Stylistics.
776 0# - ADDITIONAL PHYSICAL FORM ENTRY
Qualifying information print
International Standard Book Number 9783837658323
856 40 - ELECTRONIC LOCATION AND ACCESS
Uniform Resource Identifier <a href="https://doi.org/10.1515/9783839458327?locatt=mode:legacy">https://doi.org/10.1515/9783839458327?locatt=mode:legacy</a>
Public note Open Access
-- 0
856 40 - ELECTRONIC LOCATION AND ACCESS
Uniform Resource Identifier <a href="https://www.degruyter.com/isbn/9783839458327">https://www.degruyter.com/isbn/9783839458327</a>
Public note Open Access
-- 0
856 42 - ELECTRONIC LOCATION AND ACCESS
Materials specified Cover
Uniform Resource Identifier <a href="https://www.degruyter.com/document/cover/isbn/9783839458327/original">https://www.degruyter.com/document/cover/isbn/9783839458327/original</a>
942 ## - ADDED ENTRY ELEMENTS (KOHA)
Koha item type E-Book
Holdings
Withdrawn status Damaged status Not for loan Home library Current library Date acquired Total Checkouts Date last seen Price effective from Koha item type
      De Gruyter De Gruyter 12/29/2022   12/29/2022 12/29/2022 E-Book

University of Rizal System
Email us at univlibservices@urs.edu.ph

Visit our Website www.urs.edu.ph/library